<?xml version="1.0" encoding="UTF-8"?>
<record
    xmlns:xsi="http://www.w3.org/2001/XMLSchema-instance"
    xsi:schemaLocation="http://www.loc.gov/MARC21/slim http://www.loc.gov/standards/marcxml/schema/MARC21slim.xsd"
    xmlns="http://www.loc.gov/MARC21/slim">

  <leader>01384nas1a22003251i 4500</leader>
  <controlfield tag="001">RU\NLR\Per\553712</controlfield>
  <controlfield tag="005">20240726080806.0</controlfield>
  <datafield tag="011" ind1=" " ind2=" ">
    <subfield code="a">1992-6448</subfield>
  </datafield>
  <datafield tag="035" ind1=" " ind2=" ">
    <subfield code="a">(NLR Aleph) 002847324</subfield>
  </datafield>
  <datafield tag="090" ind1=" " ind2=" ">
    <subfield code="a">2985303</subfield>
    <subfield code="c">2985303</subfield>
  </datafield>
  <datafield tag="100" ind1=" " ind2=" ">
    <subfield code="a">20080708a20069999|||y0rusy50      ca</subfield>
  </datafield>
  <datafield tag="101" ind1="0" ind2=" ">
    <subfield code="a">rus</subfield>
  </datafield>
  <datafield tag="102" ind1=" " ind2=" ">
    <subfield code="a">RU</subfield>
  </datafield>
  <datafield tag="110" ind1=" " ind2=" ">
    <subfield code="a">ae|||||||||</subfield>
  </datafield>
  <datafield tag="200" ind1="1" ind2=" ">
    <subfield code="a">&#x41F;&#x435;&#x447;&#x430;&#x442;&#x43D;&#x44B;&#x439; &#x43C;&#x43E;&#x43D;&#x442;&#x430;&#x436;</subfield>
    <subfield code="e">&#x43F;&#x440;&#x438;&#x43B;&#x43E;&#x436;&#x435;&#x43D;&#x438;&#x435; &#x43A; &#x436;&#x443;&#x440;&#x43D;&#x430;&#x43B;&#x443; "&#x42D;&#x43B;&#x435;&#x43A;&#x442;&#x440;&#x43E;&#x43D;&#x438;&#x43A;&#x430;: &#x43D;&#x430;&#x443;&#x43A;&#x430;, &#x442;&#x435;&#x445;&#x43D;&#x43E;&#x43B;&#x43E;&#x433;&#x438;&#x44F;, &#x431;&#x438;&#x437;&#x43D;&#x435;&#x441;"</subfield>
  </datafield>
  <datafield tag="210" ind1=" " ind2=" ">
    <subfield code="a">&#x41C;&#x43E;&#x441;&#x43A;&#x432;&#x430;</subfield>
    <subfield code="c">&#x422;&#x435;&#x445;&#x43D;&#x43E;&#x441;&#x444;&#x435;&#x440;&#x430;</subfield>
    <subfield code="d">2006 -</subfield>
  </datafield>
  <datafield tag="225" ind1="1" ind2=" ">
    <subfield code="a">CircuiTree</subfield>
  </datafield>
  <datafield tag="309" ind1=" " ind2=" ">
    <subfield code="a">&#x421; 2012 &#x43F;&#x435;&#x447;&#x430;&#x442;&#x430;&#x435;&#x442;&#x441;&#x44F; &#x43D;&#x430; &#x441;&#x442;&#x440;&#x430;&#x43D;&#x438;&#x446;&#x430;&#x445; &#x436;&#x443;&#x440;&#x43D;.: &#x42D;&#x43B;&#x435;&#x43A;&#x442;&#x440;&#x43E;&#x43D;&#x438;&#x43A;&#x430;: &#x43D;&#x430;&#x443;&#x43A;&#x430;, &#x442;&#x435;&#x445;&#x43D;&#x43E;&#x43B;&#x43E;&#x433;&#x438;&#x44F;, &#x431;&#x438;&#x437;&#x43D;&#x435;&#x441;</subfield>
  </datafield>
  <datafield tag="422" ind1=" " ind2="0">
    <subfield code="1">2001#$a&#x42D;&#x43B;&#x435;&#x43A;&#x442;&#x440;&#x43E;&#x43D;&#x438;&#x43A;&#x430;: &#x43D;&#x430;&#x443;&#x43A;&#x430;, &#x442;&#x435;&#x445;&#x43D;&#x43E;&#x43B;&#x43E;&#x433;&#x438;&#x44F;, &#x431;&#x438;&#x437;&#x43D;&#x435;&#x441;</subfield>
    <subfield code="t">&#x42D;&#x43B;&#x435;&#x43A;&#x442;&#x440;&#x43E;&#x43D;&#x438;&#x43A;&#x430;: &#x43D;&#x430;&#x443;&#x43A;&#x430;, &#x442;&#x435;&#x445;&#x43D;&#x43E;&#x43B;&#x43E;&#x433;&#x438;&#x44F;, &#x431;&#x438;&#x437;&#x43D;&#x435;&#x441;</subfield>
  </datafield>
  <datafield tag="801" ind1=" " ind2="0">
    <subfield code="a">RU</subfield>
    <subfield code="b">NLR</subfield>
    <subfield code="g">PSBO</subfield>
  </datafield>
  <datafield tag="801" ind1=" " ind2="1">
    <subfield code="a">RU</subfield>
    <subfield code="b">NLR</subfield>
    <subfield code="c">20080708</subfield>
    <subfield code="2">rusmarc</subfield>
  </datafield>
  <datafield tag="801" ind1=" " ind2="2">
    <subfield code="a">RU</subfield>
    <subfield code="b">NLR</subfield>
    <subfield code="c">20080926</subfield>
    <subfield code="2">rusmarc</subfield>
  </datafield>
  <datafield tag="852" ind1=" " ind2=" ">
    <subfield code="a">NLR</subfield>
    <subfield code="j">&#x41F;11/5436</subfield>
  </datafield>
  <datafield tag="852" ind1=" " ind2=" ">
    <subfield code="a">NLR</subfield>
    <subfield code="j">&#x41F;11/3931</subfield>
    <subfield code="y">&#x441; 2012</subfield>
  </datafield>
  <datafield tag="942" ind1=" " ind2=" ">
    <subfield code="c">JOURNAL</subfield>
  </datafield>
  <datafield tag="980" ind1=" " ind2=" ">
    <subfield code="a">RUSPER</subfield>
  </datafield>
</record>
